000 00506nam a22001937a 4500
001 BD-DhSAU 5578
003 BD-DhSAU
005 20150416143433.0
008 150416b1992 ii a||||r|||| 000 0 eng d
040 _aBD-DhSAU
082 _222
_a581.03
_bMRD
100 _aArora, Madhu
245 _aDictionary of botany /
_cMadhu Arora.
260 _aNew Delhi :
_bAnmol Publications,
_cc1992.
300 _a295 p. :
_bill. ;
_c21 cm.
590 _ajoy
650 _aHorticulture.
650 _aBotany.
_vDictionary.
942 _2ddc
_cBOOK
999 _c5578
_d5578